• 首页
  • 本馆介绍
  • 公告通知
  • 最新文献
  • 馆藏检索
  • 电子资源
  • 读者导购
  • 参考咨询
  • 我的图书馆
  • 登录
  • 详细信息显示
  • 放入我的书架
  • 预约/预借图书
  • 作者相关作品
  • 分类相关作品
  • 丛书相关作品
  • 出版社相关作品

书目信息

  • 表格格式
  • 工作单格式
  • 卡片格式
题名:
一体化作战
    
 
作者: 宁凌 , 向松波 , 钟小伟 编著
分册:  
出版信息: 北京   军事谊文出版社  2006
页数: 21, 228
开本: 20cm
丛书名: 新理念战争丛书
单 册:
中图分类: E837
科图分类:
主题词: 联合作战--研究--Lian He Zuo Zhan
电子资源:
ISBN: 7-80150-520-4
000 01363nam0 2200349 450
000 01326nam0 2200337 450
000 01325nam0 2200349 450
000 01271nam0 2200325 450
000 01289nam0 2200313 450
000 01252nam0 2200301 45
001 0195145398
005 20061210144100.26
010    @a7-80150-520-4@dCNY17.00
100    @a20060829d ekmy0chiy0110 ea
101 0  @achi
102    @aCN@b110000
105    @aa z 000yy
200 1  @a一体化作战@Ayi ti hua zuo zhan@f宁凌,向松波,钟小伟编著@FNing Ling, Xiang Song Bo, Zhong Xiao Wei Bian Zhu
210    @a北京@c军事谊文出版社@d2006
215    @a21, 228@c图@d20cm
225 2  @a新理念战争丛书@AXin Li Nian Zhan Zheng Cong Shu
330    @a本书详细介绍了一体化作战的理论,包括:网络为中心作战理论,精确作战理论,“高控制战争”理论,“快速决定性作战”理论,信息火力战理论,并且举了实例:海湾战争,科索沃战争,阿富汗战争,伊拉克战争,马岛战争,印军系列军演等。
410  0 @12001 @a新理念战争丛书
606 0  @a联合作战@x研究@ALian He Zuo Zhan
690    @aE837@v4
701  0 @a宁凌@Aning ling@4编著
701  0 @a向松波@Axiang song bo@4编著
701  0 @a钟小伟@Azhong xiao wei@4编著
801  2 @aCN@b中图数据@c20061210
905    @a10447@dE837@e27
    
    一体化作战/宁凌,向松波,钟小伟编著.-北京:军事谊文出版社,2006
    21, 228:图;20cm.-(新理念战争丛书)
    
    
    ISBN 7-80150-520-4:CNY17.00
    本书详细介绍了一体化作战的理论,包括:网络为中心作战理论,精确作战理论,“高控制战争”理论,“快速决定性作战”理论,信息火力战理论,并且举了实例:海湾战争,科索沃战争,阿富汗战争,伊拉克战争,马岛战争,印军系列军演等。
●
相关链接 在E读中查询图书 在五车中查询图书 在当当中查询图书 在豆瓣中查询图书


正题名:一体化作战     索取号:E837/27         预约/预借

序号 登录号 条形码 馆藏地/架位号 状态 备注
1 0607272   206072729   第一样本阅览室/ [索取号:E837/27] 在馆    
2 0607273   206072738   第一借阅区/ [索取号:E837/27] 在馆    
3 0607274   206072747   第一借阅区/ [索取号:E837/27] 在馆    
4 0607275   206072756   第一借阅区/ [索取号:E837/27] 在馆    
5 0607276   206072765   第一借阅区/ [索取号:E837/27] 在馆    
唐山师范学院图书馆 欢迎您!
大连网信软件有限公司© 版权所有